Chemical engineering design
Guardat en:
| Autor principal: | |
|---|---|
| Format: | Llibre |
| Idioma: | anglès |
| Publicat: |
Amsterdam
Elsevier
2005
|
| Edició: | 4a. ed |
| Col·lecció: | Coulson and Richardson's Chemical Engineering, 6
|
| Matèries: | |
| Etiquetes: |
Afegir etiqueta
Sense etiquetes, Sigues el primer a etiquetar aquest registre!
|
MARC
| LEADER | 00000nam a2200000 a 4500 | ||
|---|---|---|---|
| 001 | UCJ0958 | ||
| 003 | CL-VaPUC | ||
| 008 | 060929e20050000NE |||||||||||||||||eng|d | ||
| 020 | |a 0750665386 | ||
| 082 | 0 | 4 | |a 660.281 |b SIN |2 21 |
| 100 | 0 | |a Sinnott, R. K |e author |9 501461 | |
| 245 | 1 | 0 | |a Chemical engineering design |
| 250 | |a 4a. ed | ||
| 300 | |a 1038 p | ||
| 942 | |c BK | ||
| 945 | |d 20060929 00:00:00 |a cmena | ||
| 260 | |a Amsterdam |b Elsevier |c 2005 | ||
| 650 | 7 | |a INGENIERIA QUIMICA |2 CL-VaPUC |9 8 | |
| 650 | 0 | |a Optimización |9 339671 | |
| 650 | 0 | |a Diseño y construcción |9 260862 | |
| 650 | 0 | |a Aplicaciones de computadores |9 260401 | |
| 583 | |a last modification |c 20140409 04:09:35 |k Rodrigo Vera | ||
| 490 | 0 | |a Coulson and Richardson's Chemical Engineering, 6 | |
| 999 | |c 317693 |d 317691 | ||
| 952 | |0 0 |1 0 |4 0 |6 660_281000000000000_SIN_2005 |7 0 |8 A |9 394565 |a BIBING |b BIBING |d 2019-11-22 |i 4281551 |o 660.281 SIN 2005 |p 4281551 |r 2025-01-20 |w 2019-11-22 |y BK |k EIB | ||